|
|
|
|
| LEADER |
00000nab a2200000 a 4500 |
| 001 |
vtls009954657 |
| 003 |
SK-MaSNL |
| 005 |
20260304151224.0 |
| 008 |
250506c20082009xo mr|p|||a |000 b|slo |
| 015 |
|
|
|a SNBRB2009/09
|
| 035 |
|
|
|a (uuid)bebe1aef-f692-41ee-a7ba-5f23b8ae9c97
|
| 035 |
|
|
|a urn:nbn:sk:snk-ab2hbk
|
| 035 |
|
|
|a (urnnbn)urn:nbn:sk:snk:ar-a02f8c
|
| 038 |
|
|
|a SPK
|
| 040 |
|
|
|a SNKBUCL
|b slo
|c SNKBUCL
|e AACR2
|
| 041 |
1 |
|
|a slo
|b slo
|h ger
|
| 044 |
|
|
|a xo
|c SK
|
| 072 |
|
7 |
|a 371
|x Školstvo (organizácia)
|2 konspekt
|
| 072 |
|
7 |
|a 792
|x Divadlo. Divadelné predstavenia
|2 konspekt
|
| 080 |
|
|
|a 371.314.6
|2 1997
|
| 080 |
|
|
|a 792:37.01
|2 1997
|
| 080 |
|
|
|a 37.01
|2 1997
|
| 100 |
1 |
|
|a Plath, Monika
|4 aut
|9 1464901
|
| 245 |
1 |
0 |
|a O pravde a lži
|b dramatizácia Andersenovej rozprávky s obrázkami a inovatívnymi motívmi v projektovom vyučovaní
|c Monika Plathová ; preložila Katarína Bokrosová
|
| 300 |
|
|
|b Obr.
|
| 546 |
|
|
|a Res. slov.
|
| 650 |
0 |
7 |
|a projektové vyučovanie
|2 snkbucl
|9 4053
|
| 650 |
0 |
7 |
|a dramatizácia
|2 snkbucl
|9 31548
|
| 700 |
1 |
|
|a Bokrosová, Katarína
|4 trl
|9 424799
|
| 773 |
0 |
|
|t Naša škola
|g Roč. 12., č. 1(2008/2009), s. 42-46
|
| 850 |
|
|
|a Slovenská národná knižnica
|
| 852 |
|
|
|a Slovenská národná knižnica
|
| 954 |
|
|
|a odborná, vedecká literatúra cudzojazyčná (svetová)
|2 lita
|
| 958 |
|
|
|a article27
|
| 958 |
|
|
|a OND
|
| 958 |
|
|
|a EUIPO
|
| 999 |
|
|
|c 2942239
|d 2944169
|